1149 1720 1364 1137 1746 1354 1519 1628 1917 1159 1626 1956 1276 1642 1302 1286 1790 1140 1625 1822 1680 1180 1988 1395 1567 1096 1706 1243 1483 1605 1659 1237 1898 1602 1655 1894 1600 1535 1882 1491 1485 1642 1640 1173 1771 1909 1670 1878 1524 1090 1903 1515 1058 1089 1980 1390 1168 1656 1918 1932 1608 1117 1987 1846 1474 1691 1922 1878 1256 1921 1547 1701 1342 1523 1185 1948 1295 1071 1059 1794 1855 1910 1690 1757 1755 1181 1987 1017 1238 1588 1996 1218 1601 1573 1207 1194 1850 1839 1893 BCNSPRNW ULIB Ver.6.0+V

เปลี่ยนเป็นภาษาไทย

Change to English
 แสดงรายละเอียดบรรณานุกรม
  กลับหน้าหลัก

Brief Record : Get Marc (ISO 2709) : E-mail record : QR code < ปิดหน้าต่าง
LEADER : 00000nam 2200000uu 4500
001    13399123881
003     ULIB
008    141212s2555||||th 000 0 tha d
020    ^a9789746727471
060 04 ^aWY157^bน419ก
100 0  ^aนันทพร แสนศิริพันธ์
245 00 ^aการพยาบาลผดุงครรภ์ ^nเล่ม 3 (สตรีที่มีภาวะแทรกซ้อน) /^cบรรณาธิการ ; นันทพร แสนศิริพันธ์,ฉวี เบาทรวง
250    ^aพิมพ์ครั้งที่ 1
260    ^aเชียงใหม่ :^bคณะพยาบาลศาสตร์ มหาวิทยาลัยเชียงใหม่,^c2555
300    ^a340 หน้า
650  7 ^aการพยาบาลสูติศาสตร์
650  7 ^aการคลอด
650  7 ^aภาวะแทรกซ้อน
650  7 ^aการผดุงครรภ์
650  7 ^aสูติศาสตร์
700 0  ^aฉวี เบาทรวง,^eบรรณาธิการ
710 2  ^aมหาวิทยาลัยเชียงใหม่. ^bคณะพยาบาลศาสตร์
945    ^p300^l0^i22501
945    ^p300^l0^i22502
945    ^p300^l0^i22503
945    ^p300^l0^i22504
945    ^p300^l0^i22505
945    ^p300^l0^i22506
945    ^p300^l0^i22507
945    ^p300^l0^i22508
945    ^p300^l0^i22509
945    ^p300^l0^i22510
999    ^aทศพร เกษรทอง
รายการนี้ยังไม่มีแท็ก
คุณยังไม่ได้ล็อกอิน คุณสามารถมีกิจกรรมร่วมกับเว็บไซต์ได้ แต่ต้องล็อกอินก่อน ::
  ล็อกอิน

รายการสื่อสารสนเทศ

ลำดับที่ ประเภท เลขเรียก/บาร์โค้ด สถานที่ สถานะ
1. Book การพยาบาล
Book การพยาบาล
สถานะ=หนังสือเก่า
WY157 น419ก ฉ.1 
  Barcode: 22501
ห้องสมุดวิทยาเขตนครสวรรค์
►ส่วนจัดเก็บหนังสือเก่า นว.
บนชั้น
  ขอยืม
2. Book การพยาบาล
Book การพยาบาล
สถานะ=หนังสือเก่า
WY157 น419ก ฉ.10 
  Barcode: 22510
ห้องสมุดวิทยาเขตนครสวรรค์
►ส่วนจัดเก็บหนังสือเก่า นว.
บนชั้น
  ขอยืม
3. Book การพยาบาล
Book การพยาบาล
สถานะ=หนังสือเก่า
WY157 น419ก ฉ.2 
  Barcode: 22502
ห้องสมุดวิทยาเขตนครสวรรค์
►ส่วนจัดเก็บหนังสือเก่า นว.
บนชั้น
  ขอยืม
4. Book การพยาบาล
Book การพยาบาล
สถานะ=หนังสือเก่า
WY157 น419ก ฉ.3 
  Barcode: 22503
ห้องสมุดวิทยาเขตนครสวรรค์
►ส่วนจัดเก็บหนังสือเก่า นว.
บนชั้น
  ขอยืม
5. Book การพยาบาล
Book การพยาบาล
สถานะ=หนังสือเก่า
WY157 น419ก ฉ.4 
  Barcode: 22504
ห้องสมุดวิทยาเขตนครสวรรค์
►ส่วนจัดเก็บหนังสือเก่า นว.
บนชั้น
  ขอยืม
6. Book การพยาบาล
Book การพยาบาล
สถานะ=หนังสือเก่า
WY157 น419ก ฉ.5 
  Barcode: 22505
ห้องสมุดวิทยาเขตนครสวรรค์
►ส่วนจัดเก็บหนังสือเก่า นว.
บนชั้น
  ขอยืม
7. Book การพยาบาล
Book การพยาบาล
สถานะ=หนังสือเก่า
WY157 น419ก ฉ.6 
  Barcode: 22506
ห้องสมุดวิทยาเขตนครสวรรค์
►ส่วนจัดเก็บหนังสือเก่า นว.
บนชั้น
  ขอยืม
8. Book การพยาบาล
Book การพยาบาล
สถานะ=หนังสือเก่า
WY157 น419ก ฉ.7 
  Barcode: 22507
ห้องสมุดวิทยาเขตนครสวรรค์
►ส่วนจัดเก็บหนังสือเก่า นว.
บนชั้น
  ขอยืม
9. Book การพยาบาล
Book การพยาบาล
สถานะ=หนังสือเก่า
WY157 น419ก ฉ.8 
  Barcode: 22508
ห้องสมุดวิทยาเขตนครสวรรค์
►ส่วนจัดเก็บหนังสือเก่า นว.
บนชั้น
  ขอยืม
10. Book การพยาบาล
Book การพยาบาล
สถานะ=หนังสืออภินันทนาการพิเศษ
WY157 น419ก ฉ.9 
  Barcode: 22509
ห้องสมุดวิทยาเขตนครสวรรค์
►ส่วนจัดเก็บหนังสือเก่า นว.
บนชั้น
  ขอยืม

รายการใกล้เคียง
    ผู้แต่ง [นันทพร แสนศิริพันธ์]

    หัวเรื่อง [การพยาบาลสูติศาสตร์]
    หัวเรื่อง [การคลอด]
    หัวเรื่อง [ภาวะแทรกซ้อน]
    หัวเรื่อง [การผดุงครรภ์]
    หัวเรื่อง [สูติศาสตร์]

BibComment


ยังไม่เคยถูกคอมเมนท์

คอมเมนท์ทรัพยากรรายการนี้
  คอมเมนท์: การพยาบาลผดุงครร..


 Copyright 2026. Bcnsprnw @Library